|
|
|
|
| LEADER |
01783nem a2200421 i 4500 |
| 001 |
001589881 |
| 003 |
CZ BrMZK |
| 005 |
20170811113339.0 |
| 007 |
aj|canzn |
| 008 |
170811s1900 xr |||||||||||r|||||czeod |
| 034 |
1 |
|
|a a
|b 1000000
|d E0120500
|e E0190500
|f N0510400
|g N0474600
|
| 040 |
|
|
|a BOA001
|b cze
|e rda
|
| 043 |
|
|
|a e-xr---
|2 czenas
|
| 072 |
|
7 |
|a 551
|x Geologie. Meteorologie. Klimatologie
|2 Konspekt
|9 7
|
| 072 |
|
7 |
|a 912
|x Mapy. Atlasy. Glóby
|2 Konspekt
|9 7
|
| 080 |
|
|
|a 913(437.3)
|2 MRF
|
| 080 |
|
|
|a (084.3)55
|2 MRF
|
| 100 |
1 |
|
|a Procházka, Vladimír Josef,
|d 1862-1913
|7 jk01101232
|4 ctg
|
| 245 |
1 |
0 |
|a Přehledná geologická mapa zemí koruny české /
|c sestavil dle nejnovějších pramenů Vlad. Jos. Procházka
|
| 255 |
|
|
|a Měřítko 1:100 000
|c (E 12°05'00"--E 19°05'00"/N 51°04'00"--N 47°46'00")
|
| 264 |
|
1 |
|a V Praze :
|b nákladem J. Otty,
|c [1900?]
|
| 300 |
|
|
|a 1 mapa :
|b barevná ;
|c 36 x 50 cm, na listu 46 x 60 cm
|
| 336 |
|
|
|a kartografický obraz
|b cri
|2 rdacontent
|
| 337 |
|
|
|a bez média
|b n
|2 rdamedia
|
| 338 |
|
|
|a list
|b nb
|2 rdacarrier
|
| 490 |
1 |
|
|a Ottův zeměpisný atlas ;
|v č. 16
|
| 500 |
|
|
|a Na rubu natištěno Země koruny české, mapa geologická č. 16
|
| 500 |
|
|
|a Rukopisné věnování autora Moravské zemské knihovně
|5 CZ-BrMZK
|
| 500 |
|
|
|a Stará signatura: 4.K.18
|5 CZ-BrMZK
|
| 500 |
|
|
|a Dostupné též v digitální podobě v aplikaci Kramerius
|
| 651 |
|
7 |
|a Česko
|7 ge128065
|2 czenas
|
| 655 |
|
7 |
|a geologické mapy
|7 fd132402
|2 czenas
|
| 710 |
2 |
|
|a Nakladatelství Jan Otto
|7 kn20120504009
|4 pbl
|
| 830 |
|
0 |
|a Ottův zeměpisný atlas
|
| 856 |
4 |
1 |
|u http://www.digitalniknihovna.cz/mzk/view/uuid:3429dfc9-c464-4791-9c63-82c489dc1ee6
|y Digitalizovaný dokument
|
| 910 |
|
|
|a BOA001
|b Mpa-1392.907
|
| 990 |
|
|
|a MP
|
| 991 |
|
|
|k mzk
|